01012pam a2200277 i 450000100060000000300080000600500170001400800390003102000160007003500190008604000320010504100080013708200200014510000230016524501100018825000120029826000610031030000340037150400410040565000250044670000530047170000440052494200120056899900170058095201370059711835BD-RjUL20211208235205.0140127s1976 nyua b 001 0 eng a0394318935  a(BD-RjUL)11884 aDLCcDLCdDLCdBD-RjULbeng aeng00a301.2bPLA 19761 aPlog, Fred.93666110aAnthropology :bDecisions, adaptation, and evolution /cFred Plog, Clifford J. Jolly and Daniel G. Bates. a1st ed. aNew York :bKnopf : distributed by Random House,cc1976. axii, 635 p. :bill. ;c25 cm. aBibliography: p. [607]-621and index. 0aAnthropology.9366621 aJolly, Clifford J.,d1939-ejoint author.9366631 aBates, Daniel G.,ejoint author.936664 2ddccBK c11835d11835 00102ddc40718NFICaRUCLbRUCLcReadingd1983-06-16eAsia foundationl0o301.2 PLA 1976r2014-01-27 00:00:00tC-1w2014-01-27yBK